Blackest U.S. Cities by State - Statistics

General Stats
  • This quiz has been taken 63 times
  • The average score is 13 of 50
Answer Stats
State City % Black % Correct
Mississippi Jackson 78.55%
79%
Michigan Detroit 77.17%
74%
Tennessee Memphis 61.28%
64%
Maryland Baltimore 57.30%
58%
Alabama Birmingham 63.12%
57%
Indiana Gary 79.11%
57%
Wisconsin Milwaukee 37.80%
55%
Oregon Portland 5.80%
55%
Hawaii Honolulu 1.61%
53%
West Virginia Charleston 14.60%
49%
Nebraska Omaha 12.21%
49%
Idaho Boise 2.18%
43%
Connecticut Hartford 35.54%
43%
Kansas Kansas City 21.14%
43%
Wyoming Cheyenne 2.90%
42%
North Dakota Fargo 8.64%
40%
Nevada North Las Vegas 21.35%
40%
Vermont Burlington 4.40%
38%
South Dakota Sioux Falls 6.27%
38%
New Hampshire Manchester 5.12%
34%
Delaware Wilmington 54.48%
34%
Alaska Fairbanks 7.42%
32%
Colorado Aurora 15.33%
25%
Arkansas Pine Bluff 76.95%
19%
Pennsylvania Chester 69.19%
17%
New York Mount Vernon 60.43%
17%
Maine Lewiston 13.76%
15%
Louisiana Monroe 63.24%
15%
Montana Great Falls 1.20%
13%
California Inglewood 37.86%
13%
Rhode Island Pawtucket 13.01%
13%
Virginia Petersburg 73.32%
11%
Iowa Waterloo 17.87%
9%
Ohio Euclid 63.52%
8%
South Carolina Sumter 48.32%
8%
Minnesota Brooklyn Park 29.17%
6%
Illinois Calumet City 72.64%
6%
Texas DeSoto 69.41%
6%
Missouri Florissant 44.50%
6%
New Mexico Clovis 5.90%
4%
New Jersey Irvington 78.80%
4%
Arizona Maricopa 13.60%
4%
North Carolina Rocky Mount 63.35%
4%
Washington SeaTac 23.90%
4%
Utah Midvale 3.40%
2%
Oklahoma Midwest City 21.90%
2%
Massachusetts Randolph 38.30%
2%
Georgia Stonecrest 91.39%
2%
Kentucky Hopkinsville 31.90%
0%
Florida Lauderdale Lakes 83.40%
0%
No matching quizzes found
Score Distribution
Percent of People with Each Score
Percentile by Number Answered
Your Score History
You have not taken this quiz